000 00367nam a22001577a 4500
003 MPLRDC
005 20220104114358.0
008 210129b ||||| |||| 00| 0 eng d
082 _a857.623 MRYJ
100 _a慕容羽军
245 _a猎鬼夜谭
_c
260 _a
_b奔马出版社
_c1986
300 _b
650 _a灵异小说
942 _cBK
_o857.623 MRYJ
999 _c7022
_d7012